Canton Capellen Quiz Stats

Quiz not verified by Sporcle

Challenge
Share
Tweet
Embed
Score 0/51 Timer 06:00
0 Plays Today
Localité % Correct
Bascharage
100%
Hautcharage
100%
Clemency
100%
Dippach
100%
Garnich
100%
Hobscheid
100%
Kehlen
100%
Koerich
100%
Bridel
100%
Kopstal
100%
Mamer
100%
Septfontaines
100%
Steinfort
100%
Keispelt
80%
Meispelt
80%
Olm
80%
Capellen
80%
Hagen
80%
Bomicht
60%
Linger
60%
Fingig
60%
Schouweiler
60%
Sprinckange
60%
Nospelt
60%
Holzem
60%
Dippach-Gare
40%
Localité % Correct
Dalhem
40%
Windhof
40%
Bettange- sur- Mess
20%
Kahler
20%
Eischen
20%
Gaichel
20%
Olm-Kräitzwee
20%
Quatre-Vents
20%
Kleinbettingen
20%
Grand-Bevange
0%
Hivange
0%
Brameschhaff
0%
Direndall
0%
Dondelange
0%
Huesknäppchen
0%
Weidendall
0%
Goeblange
0%
Goetzingen
0%
Neimillen
0%
Greisch
0%
Leesbach
0%
Roodt
0%
Simmerfarm
0%
Simmerschmelz
0%
Grass
0%

You're not logged in!

Compare scores with friends on all Sporcle quizzes.
Join for Free
OR
Log In

You Might Also Like...

Show Comments

Extras

Created Jul 2, 2011ReportNominate
Tags:canton

Top Quizzes Today


Score Distribution

Your Account Isn't Verified!

In order to create a playlist on Sporcle, you need to verify the email address you used during registration. Go to your Sporcle Settings to finish the process.

Report this User

Report this user for behavior that violates our Community Guidelines.

Details: